LEADER 00663nam a2200169 i 4500 001 000000367146 003 CaOOAMICUS 005 20260409124807.0 008 260409s1986 it u000 u mul u 040 $aSeMil$bita 245 10$aParte seconda :$bItaliano - Tedesco. 300 $aXV, 833 p. ;$c25 cm. 773 0 $tTedesco-italiano. Italiano-tedesco.$dFirenze : Sansoni, 1986.$b2. ed. con un supplemento$kDizionari Sansoni$w()29698 850 $aSeMil 852 $aSeMil$W1$xVenegono$y1$mSL1.A IV 15/2$j269961$B257872$CSeMilBibl$Z2$F257872 $8I 996 $6245$aParte seconda :$bItaliano - Tedesco$9(OLS)http://semarc/title/459013